00901nas a2200229Ia 4500001001100000003000900011008004100020040001300061040001300074041001300087100004500100210001900145222001900164245009700183250001100280260002300291501008600314300001900400362001600419500019300435650004300628R109/F9352IT-RoPAU151124c99999999xx |||||||||||| ||und|| aIT-RoPAU cIT-RoPAU aFRANCESE aPapa FrancoisegCodice Aut. SPICS: 56479 aCOMMUNICATIONS aCommunications aCOMMUNICATIONS, N.67 (1998)bJeux Olympiques: Du Signal Universel A la Pluralite' Des Images a1a ed. aPARISbSEUILc1998 bPaulus - SPICS - Società San Paolo EM (non-commercial uses only)cCopyright2015 a13 p. [91-103] aN.67 (1998) aGiochi Olimpici: Dal Segnale Universale Alla Pluralità Delle Immagini. Ripresa dei Giochi Olimpici: una Realizzazione Sotto Pressioni. Programma Olimpico tra Informazione e Divertimento. aCOMUNICAZIONEvPUBBLICAZIONE PERIODICA